Heroes of North East India / (Record no. 147854)

MARC details
000 -LEADER
fixed length control field 00546nam a22001697a 4500
005 - DATE AND TIME OF LATEST TRANSACTION
control field 20171207120051.0
010 ## - LCCN (DPL NO)
LC control number BAC-05-12-17
020 ## - INTERNATIONAL STANDARD BOOK NUMBER
International Standard Book Number 9788170494249
Terms of availability 695.00 (HB)
037 ## - SOURCE OF ACQUISITION
Source of stock number/acquisition manas
100 ## - MAIN ENTRY--PERSONAL NAME
Personal name Mukherjee, Sumitra
245 ## - TITLE STATEMENT
Title Heroes of North East India /
Statement of responsibility, etc by Sumitra Mukherjee
260 ## - PUBLICATION, DISTRIBUTION, ETC. (IMPRINT)
Place of publication, distribution, etc New Delhi:
Name of publisher, distributor, etc Manas Publications
Date of publication, distribution, etc 2012
270 ## - ADDRESS
Address 4402/5a, Anasari road opp hdfc bank dariya gunj new delhi-110002
300 ## - PHYSICAL DESCRIPTION
Extent 301p :
Other physical details illu;
Dimensions 24cm (hb)
500 ## - GENERAL NOTE
General note includes bibliographical information with index
942 ## - ADDED ENTRY ELEMENTS (KOHA)
Source of classification or shelving scheme Dewey Decimal Classification
Item type English Books

No items available.


© Delhi Public Library
Hit Counter
free hit counter